header

Reconstructing teaching (Record no. 1359)

MARC details
000 -LEADER
fixed length control field 01656nam a22003974a 4500
082 04 - DEWEY DECIMAL CLASSIFICATION NUMBER
Classification number 379.1/58/0941
100 1# - MAIN ENTRY--AUTHOR NAME
Personal name Mahony, Pat.
245 10 - TITLE STATEMENT
Title Reconstructing teaching
260 ## - PUBLICATION, DISTRIBUTION, ETC. (IMPRINT)
Place of publication London ;
-- New York :
Name of publisher RoutledgeFalmer,
Year of publication 2000.
300 ## - PHYSICAL DESCRIPTION
Number of Pages x, 181 p. :
Other physical details ill.
650 #0 - SUBJECT ADDED ENTRY--TOPICAL TERM
Topical Term Educational accountability
Topical Term Educational accountability
Topical Term Teachers
Topical Term Teachers
Topical Term Education and state
Topical Term Education and state
Topical Term Educational change
Topical Term Educational change
700 1# - ADDED ENTRY--PERSONAL NAME
Personal name Hextall, Ian,
856 40 - ELECTRONIC LOCATION AND ACCESS
Uniform Resource Identifier http://site.ebrary.com/lib/rucke/Doc?id=5002094

No items available.

© 2026 Rongo University
Contact us: librarian | system librarian | Rongo university